000 00593nam a2200193Ia 4500
005 20250508155513.0
008 008 250505s9999 xx 000 0 eng d
037 _aReference
040 _aFEDL
_beng
_cFEDL
041 _aeng
_2eng
084 _a372.2102, GRE
_qFEDL
100 _aGreen Marjorie M
_9767040
245 0 _aNursery school handbook for teachers and parents
260 _aCalifornia, USA
_bSierra Madre Community Nursery School
_c1963
300 _a109p.
700 _a Woods Elizabeth L
_9767041
942 _cREF
_h372.2102, GRE
999 _c1357321
_d1357321